[Event "Vojvodina-ch 6th"]
[Site "Novi Sad"]
[Date "2015.07.26"]
[Round "4"]
[White "Mrkonjic, Nenad"]
[Black "Mihalj, M Miroslav"]
[Result "1/2-1/2"]
[WhiteElo "2380"]
[BlackElo "2216"]
[PlyCount "20"]
[EventDate "2015.07.25"]
[EventType "swiss"]
[EventRounds "9"]
[EventCountry "YUG"]
[SourceTitle "CBM 167 Extra"]
[Source "ChessBase"]
[SourceDate "2015.09.14"]
[SourceVersion "1"]
[SourceVersionDate "2015.09.14"]
[SourceQuality "1"]

1. d4 d5 2. Nf3 Nf6 3. Bg5 e6 4. e3 Be7 5. Be2 h6 6. Bxf6 Bxf6 7. 0-0 0-0 8. Nbd2 c5 9. c3 Nc6 10. Qb3 Qb6 1/2-1/2

[Event "Corsica Masters op 18th"]
[Site "Bastia"]
[Date "2014.10.19"]
[Round "8"]
[White "Edouard, Romain"]
[Black "Mihalj, M Miroslav"]
[Result "1-0"]
[WhiteElo "2659"]
[BlackElo "2226"]
[PlyCount "65"]
[EventDate "2014.10.18"]
[EventType "swiss"]
[EventRounds "9"]
[EventCountry "FRA"]
[SourceTitle "EXT 2015"]
[Source "ChessBase"]
[SourceDate "2014.11.20"]
[SourceVersion "1"]
[SourceVersionDate "2014.11.20"]
[SourceQuality "1"]

1. d4 Nf6 2. c4 g6 3. g3 Bg7 4. Bg2 d5 5. cxd5 Nxd5 6. Nf3 0-0 7. 0-0 c6 8. e4 Nc7 9. Nc3 Bg4 10. Be3 Nd7 11. Qb3 Qc8 12. h3 Bxf3 13. Bxf3 Ne6 14. Rad1 h6 15. d5 Ng5 16. Bg4 c5 17. h4 Nh7 18. Bh3 Nhf6 19. e5 Nh5 20. e6 fxe6 21. Bxe6+ Kh7 22. d6 exd6 23. Rxd6 Nhf6 24. Rfd1 Rd8 25. Qa4 b5 26. Nxb5 Qb7 27. Nc3 Nb6 28. Qc6 Qxc6 29. Rxc6 Rxd1+ 30. Nxd1 Re8 31. Nc3 c4 32. Bxc4 Ng4 33. Bf7 1-0

[Event "Corsica Masters op 18th"]
[Site "Bastia"]
[Date "2014.10.18"]
[Round "3"]
[White "Mihalj, M Miroslav"]
[Black "Ruck, Robert"]
[Result "0-1"]
[WhiteElo "2226"]
[BlackElo "2568"]
[PlyCount "39"]
[EventDate "2014.10.18"]
[EventType "swiss"]
[EventRounds "9"]
[EventCountry "FRA"]
[SourceTitle "EXT 2015"]
[Source "ChessBase"]
[SourceDate "2014.11.20"]
[SourceVersion "1"]
[SourceVersionDate "2014.11.20"]
[SourceQuality "1"]

1. d4 Nf6 2. Nf3 g6 3. c4 Bg7 4. Nc3 d5 5. e3 0-0 6. Qb3 e6 7. Bd2 b6 8. Rc1 Bb7 9. Be2 Nbd7 10. 0-0 c5 11. Rfd1 Qe7 12. Be1 dxc4 13. Bxc4 Bxf3 14. gxf3 cxd4 15. Rxd4 Nc5 16. Qb5 Ne8 17. Qc6 Bxd4 18. Qxa8 Nd6 19. Qc6 Rc8 20. Qb5 0-1

[Event "Zadar op-B 16th"]
[Site "Zadar"]
[Date "2009.12.17"]
[Round "7"]
[White "Mihalj, M Miroslav"]
[Black "Brkic, Ivica"]
[Result "1-0"]
[WhiteElo "2278"]
[BlackElo "2191"]
[PlyCount "39"]
[EventDate "2009.12.13"]
[EventType "swiss"]
[EventRounds "9"]
[EventCountry "CRO"]
[SourceTitle "CBM 133 Extra"]
[Source "ChessBase"]
[SourceDate "2010.01.05"]
[SourceVersion "1"]
[SourceVersionDate "2010.01.05"]
[SourceQuality "1"]

1. e4 d6 2. d4 Nf6 3. Nc3 g6 4. Bg5 Bg7 5. e5 Ng8 6. Nf3 d5 7. h3 c6 8. Bd3 b6 9. 0-0 Qc7 10. Qe2 a5 11. Nd1 e6 12. Ne3 h6 13. Bh4 c5 14. c4 cxd4 15. Nxd4 Qxe5 16. Nb5 dxc4 17. Nxc4 Qxe2 18. Bxe2 g5 19. Bg3 Na6 20. Nxb6 1-0

[Event "Zadar op-B 16th"]
[Site "Zadar"]
[Date "2009.12.14"]
[Round "3"]
[White "Mihalj, M Miroslav"]
[Black "Franciskovic, Vinko"]
[Result "1/2-1/2"]
[WhiteElo "2278"]
[BlackElo "2108"]
[PlyCount "27"]
[EventDate "2009.12.13"]
[EventType "swiss"]
[EventRounds "9"]
[EventCountry "CRO"]
[SourceTitle "CBM 133 Extra"]
[Source "ChessBase"]
[SourceDate "2010.01.05"]
[SourceVersion "1"]
[SourceVersionDate "2010.01.05"]
[SourceQuality "1"]

1. c4 e5 2. g3 Nf6 3. Bg2 d5 4. cxd5 Nxd5 5. Nc3 Nb6 6. Nf3 Nc6 7. 0-0 Be7 8. d3 g5 9. e4 g4 10. Ne1 h5 11. Nc2 Be6 12. Be3 Nd4 13. Bxd4 exd4 14. Ne2 1/2-1/2

[Event "Zadar op-B 16th"]
[Site "Zadar"]
[Date "2009.12.13"]
[Round "1"]
[White "Music, Tomislav"]
[Black "Mihalj, M Miroslav"]
[Result "1/2-1/2"]
[WhiteElo "2021"]
[BlackElo "2278"]
[PlyCount "67"]
[EventDate "2009.12.13"]
[EventType "swiss"]
[EventRounds "9"]
[EventCountry "CRO"]
[SourceTitle "CBM 133 Extra"]
[Source "ChessBase"]
[SourceDate "2010.01.05"]
[SourceVersion "1"]
[SourceVersionDate "2010.01.05"]
[SourceQuality "1"]

1. d4 Nf6 2. c4 g6 3. Nc3 d5 4. cxd5 Nxd5 5. e4 Nxc3 6. bxc3 Bg7 7. Bc4 c5 8. Be3 Qa5 9. Qd2 Nc6 10. Ne2 0-0 11. Rd1 cxd4 12. cxd4 Bd7 13. 0-0 Rfc8 14. Qxa5 Nxa5 15. Bd3 Nc4 16. Rb1 b6 17. Rfc1 Nxe3 18. fxe3 Rxc1+ 19. Rxc1 Rc8 20. Rxc8+ Bxc8 21. Kf2 Kf8 22. Nc3 Bb7 23. Ke2 Bc6 24. a4 Ke8 25. Nb5 a6 26. Nc3 Bb7 27. Nd5 e5 28. dxe5 Bxe5 29. h3 f5 30. Kf3 fxe4+ 31. Bxe4 b5 32. axb5 axb5 33. Nc7+ Bxc7 34. Bxb7 1/2-1/2

[Event "SRB-chT 1st League"]
[Site "Kragujevac"]
[Date "2009.09.10"]
[Round "9"]
[White "Lazic, Miroljub"]
[Black "Mihalj, M Miroslav"]
[Result "1-0"]
[WhiteElo "2450"]
[BlackElo "2297"]
[PlyCount "53"]
[EventDate "2009.09.01"]
[EventType "team-tourn"]
[EventRounds "11"]
[EventCountry "YUG"]
[SourceTitle "CBM 132 Extra"]
[Source "ChessBase"]
[SourceDate "2009.11.03"]
[SourceVersion "1"]
[SourceVersionDate "2009.11.03"]
[SourceQuality "1"]

1. c4 e5 2. Nc3 Nf6 3. g3 Bb4 4. Bg2 0-0 5. e4 Re8 6. Nge2 c6 7. 0-0 d6 8. a3 Bc5 9. d4 exd4 10. Nxd4 Bg4 11. Qd2 a5 12. h3 Bc8 13. Rd1 Nbd7 14. b3 Ne5 15. Kh1 a4 16. Nxa4 Nxc4 17. Qc2 Bxd4 18. Rxd4 Nb6 19. Nxb6 Qxb6 20. Rxd6 Bxh3 21. Bxh3 Nxe4 22. Be3 Nxg3+ 23. Kg2 Rxe3 24. fxe3 Re8 25. Kxg3 Qxe3+ 26. Kg2 Qg5+ 27. Kh1 1-0

[Event "SRB-chT 1st League"]
[Site "Kragujevac"]
[Date "2009.09.06"]
[Round "6"]
[White "Mihalj, M Miroslav"]
[Black "Tadic, Branko"]
[Result "0-1"]
[WhiteElo "2297"]
[BlackElo "2532"]
[PlyCount "94"]
[EventDate "2009.09.01"]
[EventType "team-tourn"]
[EventRounds "11"]
[EventCountry "YUG"]
[SourceTitle "CBM 132 Extra"]
[Source "ChessBase"]
[SourceDate "2009.11.03"]
[SourceVersion "1"]
[SourceVersionDate "2009.11.03"]
[SourceQuality "1"]

1. e4 d6 2. d4 Nf6 3. Nc3 e5 4. Nf3 Nbd7 5. Bc4 Be7 6. 0-0 0-0 7. Re1 a6 8. a4 b6 9. b3 Bb7 10. Bb2 c6 11. Bf1 b5 12. dxe5 dxe5 13. axb5 axb5 14. Rxa8 Bxa8 15. Qa1 Re8 16. Na2 Bd6 17. Nc1 Qb8 18. Nd3 c5 19. Nd2 Bc6 20. g3 Qb7 21. Bg2 Nf8 22. Bxe5 Be7 23. Bb2 Ng6 24. Qd1 h5 25. Qe2 h4 26. Qf1 Bf8 27. e5 Nd5 28. f4 c4 29. bxc4 bxc4 30. Nxc4 h3 31. Be4 Ndxf4 32. Bxc6 Qxc6 33. Nxf4 Bc5+ 34. Ne3 Nxf4 35. gxf4 Qg6+ 36. Kf2 Qg4 37. Qh1 Rb8 38. Qf3 Qf5 39. Bc1 Qxc2+ 40. Kg3 Bxe3 41. Bxe3 Rb2 42. Bf2 Rb3 43. Re3 Rb6 44. f5 Rh6 45. Qe4 Qd1 46. Rd3 Qc1 47. Be3 Qe1+ 0-1

[Event "Split op"]
[Site "Split"]
[Date "2008.05.05"]
[Round "9"]
[White "Mihalj, M Miroslav"]
[Black "Curic, Drazen"]
[Result "1-0"]
[WhiteElo "2346"]
[BlackElo "2204"]
[PlyCount "31"]
[EventDate "2008.04.28"]
[EventType "swiss"]
[EventRounds "9"]
[EventCountry "CRO"]
[SourceTitle "EXT 2009"]
[Source "ChessBase"]
[SourceDate "2008.11.26"]
[SourceVersion "1"]
[SourceVersionDate "2008.11.26"]
[SourceQuality "1"]

1. d4 d5 2. Nc3 Nf6 3. Bg5 Bf5 4. f3 Bg6 5. Nh3 c6 6. Nf4 e6 7. e4 Be7 8. e5 Nfd7 9. Bxe7 Qxe7 10. Qd2 a6 11. 0-0-0 0-0 12. h4 c5 13. h5 Bf5 14. g4 cxd4 15. Nce2 Nxe5 16. Nxd4 1-0

[Event "Split op"]
[Site "Split"]
[Date "2008.04.29"]
[Round "2"]
[White "Susovic, Hrvoje"]
[Black "Mihalj, M Miroslav"]
[Result "0-1"]
[WhiteElo "1991"]
[BlackElo "2346"]
[PlyCount "84"]
[EventDate "2008.04.28"]
[EventType "swiss"]
[EventRounds "9"]
[EventCountry "CRO"]
[SourceTitle "EXT 2009"]
[Source "ChessBase"]
[SourceDate "2008.11.26"]
[SourceVersion "1"]
[SourceVersionDate "2008.11.26"]
[SourceQuality "1"]

1. e4 c5 2. Nf3 d6 3. c3 Nf6 4. Bb5+ Bd7 5. Bxd7+ Qxd7 6. Qe2 Nc6 7. d4 cxd4 8. cxd4 d5 9. e5 Ne4 10. Nc3 Nxc3 11. bxc3 e6 12. 0-0 Be7 13. Rb1 0-0 14. Re1 a6 15. Bg5 Rfc8 16. Bxe7 Qxe7 17. Qb2 b5 18. Rec1 Na5 19. Qb4 Qd8 20. Ne1 Rc4 21. Qb2 Rac8 22. Nd3 Nb7 23. Nb4 Qb6 24. a3 h6 25. g3 Na5 26. Nd3 Ra4 27. Nc5 Rxc5 28. dxc5 Qxc5 29. Ra1 Nc4 30. Qe2 Rxa3 31. Rxa3 Qxa3 32. Qe1 Nxe5 33. Ra1 Qb2 34. Kg2 Nd3 35. Qf1 Nxf2 36. Qc1 Qe2 37. Qe1 Qxe1 38. Rxe1 Ne4 39. Ra1 Nc5 40. Kf3 Kf8 41. Ke3 Ke7 42. Kd2 Nb3+ 0-1

[Event "Osijek Festival op"]
[Site "Osijek"]
[Date "2008.03.09"]
[Round "5"]
[White "Mihalj, M Miroslav"]
[Black "Szuhanek, Ranko"]
[Result "1/2-1/2"]
[WhiteElo "2334"]
[BlackElo "2455"]
[PlyCount "95"]
[EventDate "2008.03.07"]
[EventType "team"]
[EventRounds "9"]
[EventCountry "CRO"]
[SourceTitle "CBM 123 Extra"]
[Source "ChessBase"]
[SourceDate "2008.05.06"]
[SourceVersion "1"]
[SourceVersionDate "2008.05.06"]
[SourceQuality "1"]

1. d4 d5 2. Nf3 c6 3. Bg5 h6 4. Bh4 Bf5 5. e3 Nd7 6. Bd3 Bxd3 7. Qxd3 Ngf6 8. Nbd2 e6 9. e4 dxe4 10. Nxe4 Qa5+ 11. c3 Be7 12. 0-0 0-0 13. Nxf6+ Bxf6 14. Bxf6 Nxf6 15. Rfe1 Rad8 16. a4 Rd5 17. Qe2 Rfd8 18. h3 c5 19. dxc5 Qxc5 20. Red1 a6 21. Rd4 Rxd4 22. Nxd4 e5 23. Nf5 e4 24. Ne3 Rd3 25. Re1 h5 26. Nf1 Qb6 27. Nd2 Qxb2 28. Nxe4 Qxe2 29. Nxf6+ gxf6 30. Rxe2 Rxc3 31. Re8+ Kg7 32. Rb8 Rc7 33. g3 f5 34. Kg2 Kf6 35. Rh8 Rc4 36. Rh6+ Kg7 37. Rb6 Rxa4 38. Rxb7 Re4 39. Ra7 Re6 40. Kf3 Kf6 41. Ra8 Rb6 42. Rh8 Rb3+ 43. Kf4 Rb4+ 44. Kf3 Rb3+ 45. Kf4 Rb2 46. Rh6+ Kg7 47. Rxa6 Rxf2+ 48. Kg5 1/2-1/2

[Event "Zadar op 14th"]
[Site "Zadar"]
[Date "2007.12.20"]
[Round "7"]
[White "Mihalj, M Miroslav"]
[Black "Jankovic, Alojzije"]
[Result "0-1"]
[WhiteElo "2323"]
[BlackElo "2548"]
[PlyCount "88"]
[EventDate "2007.12.16"]
[EventType "swiss"]
[EventRounds "9"]
[EventCountry "CRO"]
[SourceTitle "CBM 121 Extra"]
[Source "ChessBase"]
[SourceDate "2008.01.10"]
[SourceVersion "1"]
[SourceVersionDate "2008.01.10"]
[SourceQuality "1"]

1. d4 Nf6 2. Nf3 g6 3. Bf4 Bg7 4. e3 d6 5. h3 0-0 6. Be2 Nbd7 7. Bh2 Qe8 8. Nc3 a6 9. e4 e5 10. dxe5 dxe5 11. 0-0 Qe7 12. Qd2 c6 13. Qe3 Ne8 14. Bc4 b5 15. Bb3 Nc5 16. Ne2 Nc7 17. c3 Nxb3 18. axb3 f6 19. b4 Ne6 20. Ne1 c5 21. Nc2 Bb7 22. f3 Qc7 23. Kh1 f5 24. bxc5 fxe4 25. fxe4 Nxc5 26. Ng3 Rf4 27. Rfe1 Nxe4 28. Nxe4 Rxe4 29. Qg5 Rxe1+ 30. Rxe1 Re8 31. Ne3 Qc6 32. Re2 Qe4 33. Bg3 h5 34. Qh4 Qd3 35. Re1 Qd2 36. Bf2 Qxb2 37. Kg1 Qxc3 38. Qg5 Qc6 39. Rd1 Qf6 40. Qg3 Bc6 41. Nd5 Qf7 42. Nb4 Bb7 43. Nd3 Rd8 44. Re1 h4 0-1

[Event "Zadar op 14th"]
[Site "Zadar"]
[Date "2007.12.19"]
[Round "5"]
[White "Mihalj, M Miroslav"]
[Black "Ascic, Pero"]
[Result "1-0"]
[WhiteElo "2323"]
[BlackElo "2394"]
[PlyCount "115"]
[EventDate "2007.12.16"]
[EventType "swiss"]
[EventRounds "9"]
[EventCountry "CRO"]
[SourceTitle "CBM 121 Extra"]
[Source "ChessBase"]
[SourceDate "2008.01.10"]
[SourceVersion "1"]
[SourceVersionDate "2008.01.10"]
[SourceQuality "1"]

1. e4 c5 2. Nf3 d6 3. Bb5+ Bd7 4. Bxd7+ Nxd7 5. 0-0 Ngf6 6. Re1 e5 7. c3 Be7 8. d4 0-0 9. Bg5 Re8 10. dxe5 dxe5 11. Bxf6 Bxf6 12. a4 Qc7 13. Na3 Be7 14. Nc4 Bf8 15. Qc2 b6 16. Ne3 a6 17. Nd5 Qc6 18. c4 Bd6 19. Qd1 Nf8 20. Nh4 Re6 21. Ra3 Rae8 22. Rg3 Kh8 23. Nf5 Ng6 24. Qh5 Bf8 25. b3 Qb7 26. Rh3 h6 27. Qd1 Nf4 28. Rf3 Qb8 29. h4 g6 30. Nfe3 Kg8 31. Ng4 Bg7 32. Nge3 Rd6 33. g3 Ne6 34. Ng4 Kf8 35. Rd3 Nd4 36. h5 Qd8 37. Kg2 f5 38. Nh2 Qg5 39. Nf3 Qg4 40. Nxd4 exd4 41. exf5 Qxd1 42. Rdxd1 Rxe1 43. Rxe1 gxf5 44. Kf3 Rd8 45. Kf4 b5 46. axb5 axb5 47. Kxf5 bxc4 48. bxc4 Kg8 49. f4 Ra8 50. g4 Rf8+ 51. Kg6 Rd8 52. f5 d3 53. f6 Bf8 54. Rd1 Rxd5 55. cxd5 c4 56. f7+ Kh8 57. Re1 d2 58. Re8 1-0

[Event "Zadar op 14th"]
[Site "Zadar"]
[Date "2007.12.19"]
[Round "6"]
[White "Zivkovic, Vjekoslav"]
[Black "Mihalj, M Miroslav"]
[Result "1/2-1/2"]
[WhiteElo "2426"]
[BlackElo "2323"]
[PlyCount "20"]
[EventDate "2007.12.16"]
[EventType "swiss"]
[EventRounds "9"]
[EventCountry "CRO"]
[SourceTitle "CBM 121 Extra"]
[Source "ChessBase"]
[SourceDate "2008.01.10"]
[SourceVersion "1"]
[SourceVersionDate "2008.01.10"]
[SourceQuality "1"]

1. e4 e5 2. Nf3 Nf6 3. Nxe5 d6 4. Nf3 Nxe4 5. Bd3 Nf6 6. h3 Nbd7 7. 0-0 Be7 8. c3 Nc5 9. Bc2 d5 10. b4 Nce4 1/2-1/2

[Event "Zadar op 14th"]
[Site "Zadar"]
[Date "2007.12.16"]
[Round "1"]
[White "Mihalj, M Miroslav"]
[Black "Ljubicic, Filip"]
[Result "0-1"]
[WhiteElo "2323"]
[BlackElo "2480"]
[PlyCount "84"]
[EventDate "2007.12.16"]
[EventType "swiss"]
[EventRounds "9"]
[EventCountry "CRO"]
[SourceTitle "CBM 121 Extra"]
[Source "ChessBase"]
[SourceDate "2008.01.10"]
[SourceVersion "1"]
[SourceVersionDate "2008.01.10"]
[SourceQuality "1"]

1. d4 d6 2. e4 Nf6 3. Nc3 g6 4. g3 Bg7 5. Bg2 0-0 6. Nge2 Na6 7. 0-0 c5 8. h3 cxd4 9. Nxd4 Nc5 10. Be3 Bd7 11. Nb3 Ne6 12. Re1 Bc6 13. Nd4 Nxd4 14. Bxd4 e6 15. a3 Qd7 16. Qf3 e5 17. Be3 Nxe4 18. Nxe4 f5 19. Bd2 fxe4 20. Qb3+ d5 21. Rxe4 Kh8 22. Ree1 d4 23. Qd3 Rac8 24. Bb4 Rf7 25. Bxc6 Rxc6 26. Kg2 Rcf6 27. Re2 Qc6+ 28. Kg1 Rf3 29. Qe4 Qxe4 30. Rxe4 Rxf2 31. Bd6 Rxc2 32. Rf1 Rxf1+ 33. Kxf1 d3 34. Ke1 Rxb2 35. Bxe5 Bxe5 36. Rxe5 Re2+ 37. Rxe2 dxe2 38. Kxe2 Kg7 39. Kd3 Kf6 40. Kd4 Ke6 41. Kc5 Ke5 42. a4 g5 0-1

[Event "Split MIC op"]
[Site "Split"]
[Date "2007.05.05"]
[Round "9"]
[White "Mihalj, M Miroslav"]
[Black "Baturina, Andrija"]
[Result "1-0"]
[WhiteElo "2325"]
[BlackElo "1962"]
[PlyCount "65"]
[EventDate "2007.04.28"]
[EventType "swiss"]
[EventRounds "9"]
[EventCountry "CRO"]
[SourceTitle "EXT 2008"]
[Source "ChessBase"]
[SourceDate "2007.11.25"]
[SourceVersion "1"]
[SourceVersionDate "2007.11.25"]
[SourceQuality "1"]

1. e4 c5 2. Nf3 e6 3. b3 a6 4. Bb2 Qc7 5. g3 b5 6. Bg2 Bb7 7. Qe2 Nc6 8. 0-0 Nf6 9. e5 Nd5 10. c4 bxc4 11. bxc4 Nde7 12. Nc3 Nf5 13. Ne4 Nfd4 14. Nxd4 Nxd4 15. Bxd4 cxd4 16. Nd6+ Bxd6 17. exd6 Qc8 18. Qg4 0-0 19. Bxb7 Qxb7 20. Qxd4 Rfc8 21. Rab1 Qc6 22. Rfc1 Qa4 23. Rb7 h6 24. d3 Qa3 25. Rcb1 Qxa2 26. Ra1 Qc2 27. Rxd7 Rab8 28. Ra7 Rd8 29. R7xa6 Rb1+ 30. Kg2 Rxa1 31. Rxa1 Qb3 32. c5 Qb7+ 33. Qe4 1-0

[Event "Split MIC op"]
[Site "Split"]
[Date "2007.04.29"]
[Round "2"]
[White "Bratosevic, Mladen"]
[Black "Mihalj, M Miroslav"]
[Result "1/2-1/2"]
[WhiteElo "2210"]
[BlackElo "2325"]
[PlyCount "22"]
[EventDate "2007.04.28"]
[EventType "swiss"]
[EventRounds "9"]
[EventCountry "CRO"]
[SourceTitle "EXT 2008"]
[Source "ChessBase"]
[SourceDate "2007.11.25"]
[SourceVersion "1"]
[SourceVersionDate "2007.11.25"]
[SourceQuality "1"]

1. c4 Nf6 2. Nc3 c6 3. d4 d5 4. Nf3 e6 5. cxd5 exd5 6. Bg5 Be7 7. Qc2 Nbd7 8. e3 0-0 9. Bd3 Re8 10. 0-0 Nf8 11. Rab1 a5 1/2-1/2